000 00379cam a2200133 4500
020 _a0471209694
050 0 0 _aQA 107
_b.D4
100 1 _aDevine, Donald F.
245 1 0 _aMathematics for elementary education
_c[by] Donald F. Devine [and] Jerome E. Kaufmann.
260 _aNew York,
_bWiley
_c[1974]
300 _axviii, 609 p.
700 1 _aKaufmann, Jerome E.,
942 _2lcc
_cGEN
999 _c10262
_d10262